Trabajo infantil y adolescente en cifras: síntesis de la primera encuesta nacional y registro de sus peores formas 2003

সংরক্ষণ করুন:
গ্রন্থ-পঞ্জীর বিবরন
সংস্থা লেখক: OIT (Author)
বিন্যাস: গ্রন্থ
ভাষা:স্প্যানিশ
প্রকাশিত: Santiago Organización Internacional del Trabajo 2004
সংস্করন:2a. ed
বিষয়গুলি:
ট্যাগগুলো: ট্যাগ যুক্ত করুন
কোনো ট্যাগ নেই, প্রথমজন হিসাবে ট্যাগ করুন!

MARC

LEADER 00000nam a2200000 a 4500
001 UCK1634
003 CL-VaPUC
008 041119e20040000CL |||||||||||||||||spa|d
020 |a 9223157625 
082 0 4 |a 331.31  |b OIT  |2 21 
110 2 |a OIT  |e author  |9 489548 
245 1 0 |a Trabajo infantil y adolescente en cifras: síntesis de la primera encuesta nacional y registro de sus peores formas 2003 
250 |a 2a. ed 
300 |a 54 p 
942 |c BK 
945 |d 20041119 00:00:00  |a cmena 
260 |a Santiago  |b Organización Internacional del Trabajo  |c 2004 
500 |a Complementario con: Resumen ejecutivo 
500 |a Incluye Cd-Rom 
600 0 7 |a SENAME  |2 CL-VaPUC  |9 447506 
650 0 |a Trabajo infantil  |9 389077 
650 0 |a Derechos del niño  |9 258728 
650 0 |a Bienestar social   |9 255298 
650 0 |a Problemas sociales  |9 258537 
650 0 |a Pobreza  |9 258652 
651 7 |a CHILE  |2 CL-VaPUC  |9 489549 
583 |a last modification  |c 20160907 01:11:38  |k Rodrigo Vera 
999 |c 311532  |d 311530 
952 |0 0  |1 0  |4 0  |6 331_310000000000000_OIT_2004  |7 0  |8 A  |9 380976  |a BIBGIM  |b BIBGIM  |d 2019-11-21  |i 4079000  |o 331.31 OIT 2004  |p 4079000  |r 2025-01-15  |w 2019-11-21  |y BK  |k SSL 
952 |0 0  |1 0  |4 0  |6 331_310000000000000_OIT_2004  |7 0  |8 A  |9 380977  |a BIBEDU  |b BIBEDU  |d 2019-11-21  |i 4092597  |o 331.31 OIT 2004  |p 4092597  |r 2019-11-21  |w 2019-11-21  |y BK  |k EBA 
952 |0 0  |1 0  |4 0  |6 331_310000000000000_OIT_2004  |7 0  |8 A  |9 380978  |a BIBEDU  |b BIBEDU  |d 2019-11-21  |i 4511883  |o 331.31 OIT 2004  |p 4511883  |r 2019-11-21  |w 2019-11-21  |y BK  |k EBA